000 nam a22 7a 4500
999 _c126562
_d126562
008 170726b xxu||||| |||| 00| 0 eng d
050 _aD16.2.H57
245 _aHistory teaching and historical understanding
_cEdited by Alarcic Keith Dickinson
260 _aLondon
_bHeinemann
_c1978
300 _aviii, 176p. ;
_c22cm.
440 _aAn Heinemann Educational Book Paperback
_933558
650 _aHistory
_xStudy and teaching
_91846
710 _aDickinson, Alarcic Keith
_eed.
_933559
710 _aLee, Peter John
_eed.
_933560
942 _2lcc
_cMONOGRAPH